|
|
|
|
| LEADER |
02341nam a2200385 a 4500 |
| 001 |
700094 |
| 008 |
090826s1996 nyua b 001 0 eng d |
| 999 |
|
|
|c 3555
|d 3555
|
| 010 |
|
|
|a 96173968
|
| 020 |
|
|
|a 0071140654
|
| 020 |
|
|
|a 0079121462 (MAC set : acid-free paper)
|
| 020 |
|
|
|a 0070084963 (cover : acid-free paper)
|
| 040 |
|
|
|a DLC
|c DLC
|d DLC
|
| 082 |
0 |
0 |
|a 515/.93
|2 20
|
| 100 |
1 |
|
|a Brown, James Ward.
|9 25777
|
| 245 |
1 |
0 |
|a Complex variables and applications /
|c James Ward Brown, Ruel V. Churchill.
|
| 250 |
|
|
|a 6th ed.
|
| 260 |
|
|
|a New York :
|b McGraw-Hill,
|c c1996.
|
| 300 |
|
|
|a xvi, 386 pages :
|b illustrations ;
|c 25 cm. +
|e 1 computer disk (3 1/2 in.)
|
| 490 |
0 |
|
|a Churchill-Brown series
|
| 490 |
0 |
|
|a International series in pure and applied mathematics
|
| 500 |
|
|
|a Churchill's name appears first on the previous ed.
|
| 504 |
|
|
|a Includes bibliographical references (p. 367-369) and index.
|
| 538 |
|
|
|a System requirements for accompanying computer disk: Macintosh computer.
|
| 541 |
1 |
|
|e 00012175
|
| 650 |
|
0 |
|a Functions of complex variables.
|9 25778
|
| 700 |
1 |
|
|a Churchill, Ruel Vance,
|d 1899-
|9 25779
|
| 852 |
4 |
|
|a Ayesha Abed Library
|c General Stacks
|
| 942 |
0 |
0 |
|0 6
|2 ddc
|c BK
|
| 952 |
|
|
|0 0
|1 0
|2 ddc
|4 0
|6 515_930000000000000_BRO
|7 0
|9 3227
|a BRACUL
|b BRACUL
|c GEN
|d 2009-09-02
|g 0.00
|l 23
|m 161
|o 515.93 BRO
|p 3010012175
|r 2025-07-15
|s 2023-02-20
|t 1
|w 2009-09-02
|y BK
|x No price found in the accession register.
|
| 952 |
|
|
|0 0
|1 4
|2 ddc
|4 0
|6 515_930000000000000_BRO
|7 0
|9 7721
|a BRACUL
|b BRACUL
|c GEN
|d 2010-02-02
|l 1
|m 1
|o 515.93 BRO
|p 3010008714
|r 2010-04-15
|s 2010-03-21
|t 2
|w 2010-02-02
|y BK
|x Koha Inventory 2020
|
| 952 |
|
|
|0 0
|1 0
|2 ddc
|4 0
|6 515_930000000000000_BRO_1996
|7 0
|9 7767
|a BRACUL
|b BRACUL
|c GEN
|d 2010-02-03
|l 35
|m 286
|o 515.93 BRO
|p 3010008707
|r 2024-01-20
|s 2023-10-01
|t 3
|w 2010-02-03
|y BK
|
| 952 |
|
|
|0 0
|1 0
|2 ddc
|4 0
|6 515_930000000000000_BRO
|7 0
|9 7768
|a BRACUL
|b BRACUL
|c GEN
|d 2010-02-03
|l 23
|m 239
|o 515.93 BRO
|p 3010012176
|r 2024-01-17
|s 2023-10-10
|t 4
|w 2010-02-03
|y BK
|x Price not available in Register
|
| 952 |
|
|
|0 0
|1 0
|2 ddc
|4 0
|6 515_930000000000000_BRO_1996
|7 0
|9 7781
|a BRACUL
|b BRACUL
|c GEN
|d 2010-02-04
|l 32
|m 242
|o 515.93 BRO
|p 3010008711
|r 2024-03-14
|s 2024-01-29
|t 5
|w 2010-02-04
|y BK
|
| 952 |
|
|
|0 0
|1 0
|2 ddc
|4 0
|6 515_930000000000000_BRO_1996
|7 0
|9 8558
|a BRACUL
|b BRACUL
|c GEN
|d 2010-03-10
|l 33
|m 262
|o 515.93 BRO
|p 3010008709
|r 2025-07-13
|s 2025-07-07
|t 6
|w 2010-03-10
|y BK
|